Yashasvi jivanada rahasya. (Record no. 102290)

MARC details
000 -LEADER
fixed length control field 00725nam a2200205Ia 4500
003 - CONTROL NUMBER IDENTIFIER
control field OSt
005 - DATE AND TIME OF LATEST TRANSACTION
control field 20260603142410.0
008 - FIXED-LENGTH DATA ELEMENTS--GENERAL INFORMATION
fixed length control field 210210b1999 xxu||||| |||| 00| 0 eng d
040 ## - CATALOGING SOURCE
Transcribing agency AL
041 ## - LANGUAGE CODE
Language code of text/sound track or separate title Kannada
082 ## - DEWEY DECIMAL CLASSIFICATION NUMBER
Classification number 158.1K UDAY
100 ## - MAIN ENTRY--PERSONAL NAME
Personal name UDAYAKUMAR HABBU.
Dates associated with a name ಉದಯಕುಮಾರ್ ಹಬ್ಬು
9 (RLIN) 265153
245 ## - TITLE STATEMENT
Title Yashasvi jivanada rahasya.
Remainder of title ಯಶಸ್ವಿ ಜೀವನದ ರಹಸ್ಯ
260 ## - PUBLICATION, DISTRIBUTION, ETC.
Place of publication, distribution, etc. Kinnigoli
Name of publisher, distributor, etc. Ananta Pratibha Prakashana
Date of publication, distribution, etc. 1999
300 ## - PHYSICAL DESCRIPTION
Extent iv,127
650 ## - SUBJECT ADDED ENTRY--TOPICAL TERM
Topical term or geographic name entry element ವ್ಯಕ್ತಿತ್ವ ವಿಕಸನ ಮತ್ತು ಸ್ವ-ಅಭಿವೃದ್ಧಿ (Self-Development)
9 (RLIN) 265155
690 ## - LOCAL SUBJECT ADDED ENTRY--TOPICAL TERM (OCLC, RLIN)
Topical term or geographic name as entry element Applied Psychology
9 (RLIN) 265154
906 ## - LOCAL DATA ELEMENT F, LDF (RLIN)
a 054489
942 ## - ADDED ENTRY ELEMENTS (KOHA)
Source of classification or shelving scheme Dewey Decimal Classification
Koha item type Book
Holdings
Withdrawn status Lost status Source of classification or shelving scheme Damaged status Not for loan Collection code Home library Current library Shelving location Date acquired Cost, normal purchase price Total Checkouts Full call number Barcode Date last seen Price effective from Koha item type
    Dewey Decimal Classification     Psychology St Aloysius Library St Aloysius Library   02/17/2021 45.00   158.1K UDAY 054489 02/17/2021 02/17/2021 Book
    Dewey Decimal Classification     Psychology St Aloysius Library St Aloysius Library   02/17/2021 45.00   158.1K UDAY 054492 02/17/2021 02/17/2021 Book
    Dewey Decimal Classification     Psychology St Aloysius Library St Aloysius Library   02/17/2021 45.00   158.1K UDAY 054490 02/17/2021 02/17/2021 Book
    Dewey Decimal Classification     Psychology St Aloysius Library St Aloysius Library   02/17/2021 45.00   158.1K UDAY 054491 02/17/2021 02/17/2021 Book